[Event "OP-2021-0-05180"]
[Site "LSS email"]
[Date "2021.08.30"]
[Round "?"]
[White "Alexandre Bisquert, Francisco"]
[Black "Maly, Marian"]
[Result "1-0"]
[WhiteElo "1945"]
[BlackElo "754"]
[PlyCount "47"]
[EventDate "2021.08.23"]
[EventType "tourn (corr)"]
[EventRounds "4"]
[EventCountry "GER"]
[SourceTitle "Corr 2024"]
[Source "ChessBase"]
[SourceDate "2023.10.19"]
[SourceVersion "1"]
[SourceVersionDate "2023.10.19"]
[SourceQuality "1"]

1. e4 e5 2. Nf3 Bd6 3. d4 Nc6 4. c3 Nf6 5. Bd3 exd4 6. cxd4 a6 7. 0-0 Ne7 8. e5 Bxe5 9. dxe5 Nfd5 10. Be4 c6 11. Nc3 Nxc3 12. bxc3 h6 13. Qd6 b5 14. a4 Bb7 15. Ba3 Nc8 16. Qg6 Ne7 17. Qxg7 Rg8 18. Qh7 Rf8 19. Bd6 Ra7 20. Qxh6 a5 21. Ng5 Rg8 22. Qf6 Rf8 23. Qg7 c5 24. Nh7 1-0

[Event "OP-2021-0-05180"]
[Site "LSS email"]
[Date "2021.08.30"]
[Round "?"]
[White "Cleto Junior, Dirceu"]
[Black "Alexandre Bisquert, Francisco"]
[Result "1/2-1/2"]
[WhiteElo "2042"]
[BlackElo "1945"]
[PlyCount "63"]
[EventDate "2021.08.23"]
[EventType "tourn (corr)"]
[EventRounds "4"]
[EventCountry "GER"]
[SourceTitle "Corr 2024"]
[Source "ChessBase"]
[SourceDate "2023.10.19"]
[SourceVersion "1"]
[SourceVersionDate "2023.10.19"]
[SourceQuality "1"]

1. e4 c5 2. Nf3 e6 3. d4 cxd4 4. Nxd4 Nf6 5. Nc3 Nc6 6. Bc4 Qc7 7. 0-0 Nxd4 8. Qxd4 Bc5 9. Qd2 a6 10. Qg5 0-0 11. Bd3 d6 12. Qh4 Nd7 13. e5 f5 14. Be3 Nxe5 15. Bxc5 Qxc5 16. Rfd1 b5 17. Bf1 Nc6 18. Ne2 e5 19. c3 d5 20. b4 Qd6 21. a4 bxa4 22. f4 Bd7 23. Rxa4 e4 24. Qf2 Rfc8 25. Rda1 Nd8 26. Ra5 Ne6 27. Nd4 Nxf4 28. Qg3 Qe5 29. Bxa6 Re8 30. Bb7 Rxa5 31. bxa5 Qc7 32. a6 1/2-1/2

[Event "OP-2021-0-05177"]
[Site "LSS email"]
[Date "2021.08.19"]
[Round "?"]
[White "Wiaderek, Piotr"]
[Black "Alexandre Bisquert, Francisco"]
[Result "1-0"]
[WhiteElo "1812"]
[BlackElo "1945"]
[PlyCount "83"]
[EventDate "2021.08.14"]
[EventType "tourn (corr)"]
[EventRounds "4"]
[EventCountry "GER"]
[SourceTitle "Corr 2024"]
[Source "ChessBase"]
[SourceDate "2023.10.19"]
[SourceVersion "1"]
[SourceVersionDate "2023.10.19"]
[SourceQuality "1"]

1. e4 c5 2. Nf3 Nc6 3. Nc3 d6 4. d4 cxd4 5. Nxd4 Nf6 6. Bg5 a6 7. Nxc6 bxc6 8. Bc4 e6 9. Qe2 Be7 10. 0-0-0 h6 11. Bf4 d5 12. h4 0-0 13. Bd3 Qa5 14. Bd2 dxe4 15. Bc4 Qf5 16. Rde1 Rb8 17. Nxe4 Rd8 18. Nc3 Rd7 19. f3 Qc5 20. Bb3 Nd5 21. g4 Nxc3 22. Bxc3 a5 23. Rd1 Rbb7 24. a4 Bxh4 25. Kb1 Bg3 26. Bc4 Rxd1+ 27. Rxd1 Rd7 28. Rh1 Bf4 29. Qe4 e5 30. b3 Kf8 31. Ka2 g6 32. Bb2 Qd6 33. Bc3 Ra7 34. Qe2 Kg7 35. Rd1 Qe7 36. Qe1 c5 37. Bxa5 Be6 38. Bxe6 Qxe6 39. Kb2 f6 40. Bd2 Bxd2 41. Rxd2 c4 42. Qe3 1-0

[Event "RA-2020-0-00663"]
[Site "LSS email"]
[Date "2020.06.18"]
[Round "?"]
[White "Lombart, Philippe"]
[Black "Alexandre Bisquert, Francisco"]
[Result "1-0"]
[WhiteElo "2034"]
[BlackElo "2000"]
[PlyCount "97"]
[EventDate "2020.03.14"]
[EventType "tourn (corr)"]
[EventRounds "6"]
[EventCountry "GER"]
[SourceTitle "Corr 2022"]
[Source "ChessBase"]
[SourceDate "2021.10.24"]
[SourceVersion "1"]
[SourceVersionDate "2021.10.24"]
[SourceQuality "1"]

1. d4 Nf6 2. c4 e6 3. Nc3 Bb4 4. e3 0-0 5. Bd3 b6 6. Nge2 Bb7 7. 0-0 d5 8. cxd5 exd5 9. a3 Bd6 10. Ng3 c5 11. Nf5 Bc7 12. dxc5 bxc5 13. Nb5 Nbd7 14. b4 g6 15. Nh6+ Kg7 16. Ng4 c4 17. Nxc7 Qxc7 18. Bc2 Rfc8 19. Nxf6 Nxf6 20. a4 Qe5 21. Ra3 c3 22. Qd4 Qxd4 23. exd4 Rc4 24. b5 Bc8 25. Bf4 Bf5 26. Bb3 Rcc8 27. Ba2 Nh5 28. Be3 Nf6 29. f3 h5 30. Rc1 c2 31. Bf4 Re8 32. Kf2 Rac8 33. h4 Kh7 34. a5 Re7 35. Be5 Ne8 36. b6 Rd7 37. Bb3 axb6 38. axb6 Rc3 39. g4 hxg4 40. fxg4 Be4 41. Ra7 Rxb3 42. Rxd7 Rxb6 43. Re7 Nd6 44. Bxd6 Rxd6 45. Rxf7+ Kg8 46. Rc7 Rf6+ 47. Ke2 Ra6 48. Ke3 Ra3+ 49. Kf4 1-0

[Event "RA-2020-0-00661"]
[Site "LSS email"]
[Date "2020.05.05"]
[Round "?"]
[White "Berk, Julian"]
[Black "Alexandre Bisquert, Francisco"]
[Result "1-0"]
[WhiteElo "2070"]
[BlackElo "2004"]
[PlyCount "93"]
[EventDate "2020.01.28"]
[EventType "tourn (corr)"]
[EventRounds "6"]
[EventCountry "GER"]
[SourceTitle "Corr 2022"]
[Source "ChessBase"]
[SourceDate "2021.10.24"]
[SourceVersion "1"]
[SourceVersionDate "2021.10.24"]
[SourceQuality "1"]

1. c4 Nf6 2. Nc3 e5 3. g3 Bc5 4. Bg2 0-0 5. Nf3 d6 6. d4 exd4 7. Nxd4 Nbd7 8. b3 Re8 9. Qd2 Nb6 10. 0-0 a5 11. Bb2 a4 12. Rad1 c6 13. h3 Bd7 14. Qd3 Qc8 15. g4 h6 16. e4 Qd8 17. Nce2 d5 18. cxd5 cxd5 19. e5 Rxe5 20. Nc6 bxc6 21. Bxe5 Qe7 22. Qc3 Bb4 23. Bxf6 gxf6 24. Qc2 Qc5 25. Qb2 axb3 26. axb3 Qd6 27. Ng3 Qe5 28. Qc1 Kh7 29. Rd3 Qg5 30. Qb2 Qe5 31. Qc2 Kh8 32. Re3 Qd4 33. Rd1 Ra1 34. Rxa1 Qxa1+ 35. Bf1 Nc8 36. Kg2 Ne7 37. Bd3 Bd6 38. Nh5 Be6 39. Qe2 Qd4 40. Bf5 Bxf5 41. gxf5 Be5 42. Qg4 Qxg4+ 43. hxg4 d4 44. Re2 Nd5 45. Rd2 c5 46. Rc2 Bd6 47. Ra2 1-0

[Event "RA-2020-0-00659"]
[Site "LSS email"]
[Date "2020.03.08"]
[Round "?"]
[White "Alexandre Bisquert, Francisco"]
[Black "Ederer, Karel"]
[Result "1/2-1/2"]
[WhiteElo "2036"]
[BlackElo "2013"]
[PlyCount "70"]
[EventDate "2020.01.03"]
[EventType "tourn (corr)"]
[EventRounds "6"]
[EventCountry "GER"]
[SourceTitle "Corr 2022"]
[Source "ChessBase"]
[SourceDate "2021.10.24"]
[SourceVersion "1"]
[SourceVersionDate "2021.10.24"]
[SourceQuality "1"]

1. e4 c5 2. Nf3 Nc6 3. Nc3 d6 4. d4 cxd4 5. Nxd4 g6 6. Be3 Bg7 7. Qd2 Nf6 8. f3 0-0 9. 0-0-0 d5 10. Kb1 Nxd4 11. e5 Nf5 12. exf6 exf6 13. Nxd5 Nxe3 14. Qxe3 Be6 15. Bc4 f5 16. c3 Re8 17. Nf4 Qc7 18. Bxe6 fxe6 19. Rhe1 Rad8 20. Rxd8 Qxd8 21. g4 e5 22. Nd3 Qd7 23. Nf2 b6 24. Rd1 Qe6 25. gxf5 gxf5 26. a3 h6 27. Re1 Qd7 28. Qe2 Re6 29. Nd3 Kh7 30. Rg1 Qe8 31. Nb4 Qd7 32. Nc2 Rg6 33. Rxg6 Kxg6 34. Nb4 a5 35. Nd3 Qd6 1/2-1/2

[Event "RA-2020-0-00659"]
[Site "LSS email"]
[Date "2020.03.02"]
[Round "?"]
[White "Alexandre Bisquert, Francisco"]
[Black "Cirulis, Ilmars"]
[Result "1/2-1/2"]
[WhiteElo "2036"]
[BlackElo "2186"]
[PlyCount "32"]
[EventDate "2020.01.03"]
[EventType "tourn (corr)"]
[EventRounds "6"]
[EventCountry "GER"]
[SourceTitle "Corr 2022"]
[Source "ChessBase"]
[SourceDate "2021.10.24"]
[SourceVersion "1"]
[SourceVersionDate "2021.10.24"]
[SourceQuality "1"]

1. e4 e5 2. Nf3 Nc6 3. Bc4 Bc5 4. 0-0 Nf6 5. d3 d6 6. a3 a5 7. Be3 Bxe3 8. fxe3 0-0 9. Nc3 Ne7 10. d4 Ng6 11. dxe5 Nxe5 12. Nxe5 dxe5 13. Qxd8 Rxd8 14. Nd5 Nxd5 15. exd5 Bd7 16. Rad1 Be8 1/2-1/2

[Event "RA-2020-0-00658"]
[Site "LSS email"]
[Date "2020.02.22"]
[Round "?"]
[White "Alexandre Bisquert, Francisco"]
[Black "Celan, Melissa"]
[Result "1/2-1/2"]
[WhiteElo "2036"]
[BlackElo "2099"]
[PlyCount "97"]
[EventDate "2019.12.30"]
[EventType "tourn (corr)"]
[EventRounds "6"]
[EventCountry "GER"]
[SourceTitle "Corr 2022"]
[Source "ChessBase"]
[SourceDate "2021.10.24"]
[SourceVersion "1"]
[SourceVersionDate "2021.10.24"]
[SourceQuality "1"]

1. e4 d5 2. exd5 Nf6 3. Nf3 Qxd5 4. Nc3 Qd6 5. d4 g6 6. Bc4 Bg7 7. 0-0 0-0 8. h3 Nc6 9. Nb5 Qd8 10. Re1 a6 11. Nc3 b5 12. Bf1 Bb7 13. Bg5 h6 14. Bf4 e6 15. a3 Nh5 16. Be3 Ne7 17. Bd3 Nf5 18. Be4 Nxe3 19. Rxe3 c6 20. Qe1 Qc7 21. Rd1 Nf6 22. Ne5 c5 23. Bxb7 cxd4 24. Bxa8 dxe3 25. Bf3 Qxe5 26. Qxe3 Qc7 27. Qd2 Rc8 28. Qd6 Qa7 29. Rd3 Kh7 30. h4 Bf8 31. Qf4 Qc7 32. Qd2 b4 33. axb4 Bxb4 34. Qe2 Kg7 35. g3 a5 36. Qd1 Qc5 37. Qe2 Qc7 38. Qd1 Bc5 39. Kg2 Be7 40. Qd2 Bb4 41. Qe2 h5 42. Qd1 a4 43. Nxa4 Qxc2 44. Qxc2 Rxc2 45. Re3 Be7 46. Re2 Rc8 47. Nc3 Ne8 48. Ne4 Rb8 49. Rc2 1/2-1/2

[Event "RA-2020-0-00658"]
[Site "LSS email"]
[Date "2020.02.16"]
[Round "?"]
[White "Alexandre Bisquert, Francisco"]
[Black "Hatsek, Werner"]
[Result "1/2-1/2"]
[WhiteElo "2036"]
[BlackElo "2080"]
[PlyCount "92"]
[EventDate "2019.12.30"]
[EventType "tourn (corr)"]
[EventRounds "6"]
[EventCountry "GER"]
[SourceTitle "Corr 2022"]
[Source "ChessBase"]
[SourceDate "2021.10.24"]
[SourceVersion "1"]
[SourceVersionDate "2021.10.24"]
[SourceQuality "1"]

1. e4 c6 2. d4 d5 3. e5 c5 4. Nf3 cxd4 5. Nxd4 Nc6 6. c4 e6 7. Nc3 Bc5 8. Nxc6 bxc6 9. cxd5 cxd5 10. Qg4 Ne7 11. Qxg7 Rg8 12. Qxh7 Bd7 13. g3 Qb6 14. Qc2 Rc8 15. Qe2 d4 16. Ne4 Bb4+ 17. Bd2 Rc2 18. Rd1 Bc6 19. Bg2 Bb5 20. Qf3 Bxd2+ 21. Nxd2 Rxd2 22. Rxd2 Bc6 23. Qb3 Bxg2 24. Qxb6 axb6 25. Rg1 Bf3 26. Rd3 Bd5 27. f4 Nc6 28. Kf2 Rh8 29. h4 Ke7 30. Ra3 f6 31. exf6+ Kxf6 32. Ra6 Rb8 33. g4 e5 34. g5+ Ke7 35. fxe5 Rf8+ 36. Ke1 Nxe5 37. Rg3 Nf3+ 38. Kd1 Nxh4 39. Rxb6 Rf1+ 40. Ke2 Bc4+ 41. Kd2 Nf3+ 42. Rxf3 Rxf3 43. Rb4 Rf2+ 44. Ke1 Rc2 45. b3 Bf7 46. Rxd4 Rxa2 1/2-1/2

[Event "RA-2020-0-00658"]
[Site "LSS email"]
[Date "2020.02.15"]
[Round "?"]
[White "Alexandre Bisquert, Francisco"]
[Black "Hale, Donald"]
[Result "1/2-1/2"]
[WhiteElo "2036"]
[BlackElo "1500"]
[PlyCount "130"]
[EventDate "2019.12.30"]
[EventType "tourn (corr)"]
[EventRounds "6"]
[EventCountry "GER"]
[SourceTitle "Corr 2022"]
[Source "ChessBase"]
[SourceDate "2021.10.24"]
[SourceVersion "1"]
[SourceVersionDate "2021.10.24"]
[SourceQuality "1"]

1. e4 c6 2. Nf3 d5 3. exd5 cxd5 4. d4 Nc6 5. Bb5 a6 6. Bxc6+ bxc6 7. 0-0 e6 8. Bf4 Ne7 9. Nc3 f6 10. Re1 h6 11. h3 g5 12. Bh2 h5 13. Nd2 Kf7 14. Na4 g4 15. hxg4 hxg4 16. Qxg4 Qa5 17. Nc3 Nf5 18. Nf3 Be7 19. a3 Bd7 20. b4 Qb6 21. Na4 Qa7 22. Nc5 Rag8 23. Qf4 Bd6 24. Qd2 Bxh2+ 25. Nxh2 Qc7 26. Nf3 Bc8 27. Kf1 Rh2 28. Ke2 Rhxg2 29. Kd1 R8g4 30. c3 Kg8 31. Nd3 Ng3 32. Kc2 Qh7 33. Qe3 a5 34. Nd2 Nf5 35. Qf3 Ba6 36. Rxe6 Bxd3+ 37. Qxd3 Rxf2 38. Rae1 Qg6 39. Kc1 Rg3 40. Qc2 axb4 41. axb4 Rg1 42. Qd3 Kg7 43. Rxg1 Qxg1+ 44. Kc2 Qh2 45. Kc1 Nd6 46. Re7+ Kf8 47. Re1 f5 48. Rf1 Ne4 49. Rxf2 Qxf2 50. Nf3 Ke7 51. Ne5 Qe1+ 52. Kb2 Kd6 53. Nf7+ Kc7 54. Ne5 Qf2+ 55. Ka3 Qe1 56. Kb2 Kd6 57. Nf7+ Kd7 58. Ne5+ Kc7 59. Qc2 f4 60. Qd3 Qg3 61. Kc2 Qg2+ 62. Kb3 Qg3 63. Kc2 Qh2+ 64. Kb3 Qh1 65. Nxc6 Kxc6 1/2-1/2

[Event "RA-2020-0-00658"]
[Site "LSS email"]
[Date "2020.02.15"]
[Round "?"]
[White "Morcin, Tom"]
[Black "Alexandre Bisquert, Francisco"]
[Result "1-0"]
[WhiteElo "2186"]
[BlackElo "2036"]
[PlyCount "97"]
[EventDate "2019.12.30"]
[EventType "tourn (corr)"]
[EventRounds "6"]
[EventCountry "GER"]
[SourceTitle "Corr 2022"]
[Source "ChessBase"]
[SourceDate "2021.10.24"]
[SourceVersion "1"]
[SourceVersionDate "2021.10.24"]
[SourceQuality "1"]

1. e4 c5 2. Nf3 d6 3. d4 cxd4 4. Nxd4 Nf6 5. Nc3 g6 6. Be3 Bg7 7. f3 0-0 8. Qd2 Nc6 9. 0-0-0 Nxd4 10. Bxd4 Be6 11. Kb1 Rc8 12. g4 Nd7 13. Bxg7 Kxg7 14. Nd5 Rc5 15. h4 f6 16. g5 Bxd5 17. exd5 Nb6 18. Bd3 Nxd5 19. c4 Nb6 20. f4 Nxc4 21. Qe2 b5 22. h5 f5 23. Rh3 Qd7 24. Re1 Rc7 25. Qh2 Kf7 26. hxg6+ hxg6 27. b3 Qc6 28. bxc4 bxc4 29. Bf1 c3 30. Rh7+ Ke8 31. Qc2 Kd8 32. Ka1 Qd5 33. Rb1 Qd4 34. a3 d5 35. Bd3 Kd7 36. Rh6 e6 37. Rxg6 Rf7 38. Re1 Re7 39. Bxf5 Rc6 40. Bd3 Rb6 41. Rc1 Qc5 42. Qxc3 Qxc3+ 43. Rxc3 Rf7 44. f5 exf5 45. Rg8 Ke6 46. Re8+ Kd6 47. g6 Re7 48. Rxe7 Kxe7 49. Bxf5 1-0

[Event "RA-2020-0-00657"]
[Site "LSS email"]
[Date "2020.01.22"]
[Round "?"]
[White "Alexandre Bisquert, Francisco"]
[Black "Zholob, Anatolij"]
[Result "1/2-1/2"]
[WhiteElo "2036"]
[BlackElo "2079"]
[PlyCount "67"]
[EventDate "2019.12.26"]
[EventType "tourn (corr)"]
[EventRounds "6"]
[EventCountry "GER"]
[SourceTitle "Corr 2022"]
[Source "ChessBase"]
[SourceDate "2021.10.24"]
[SourceVersion "1"]
[SourceVersionDate "2021.10.24"]
[SourceQuality "1"]

1. e4 e5 2. Nf3 Nc6 3. Bb5 g6 4. c3 a6 5. Bxc6 dxc6 6. d4 exd4 7. cxd4 Bg4 8. 0-0 Bxf3 9. Qxf3 Qxd4 10. Rd1 Qe5 11. Bf4 Qe6 12. Bxc7 Rc8 13. Bf4 Nf6 14. Nc3 Be7 15. Bh6 b5 16. h3 Rg8 17. Bg5 h6 18. Bxf6 Bxf6 19. Qe3 g5 20. Rd3 Kf8 21. Rad1 Be5 22. Ne2 c5 23. Ng3 Bf4 24. Qf3 Bxg3 25. Qxg3 Qxe4 26. Rd6 Rg6 27. Qc3 Rxd6 28. Rxd6 Qb1+ 29. Kh2 Qf5 30. Rf6 b4 31. Rxf5 bxc3 32. bxc3 Rd8 33. Rxc5 Rd2 34. Ra5 1/2-1/2

[Event "OP-2020-0-04904"]
[Site "LSS email"]
[Date "2020.01.02"]
[Round "?"]
[White "Alexandre Bisquert, Francisco"]
[Black "Correa de Almeida, Claudio"]
[Result "1-0"]
[WhiteElo "2036"]
[BlackElo "1590"]
[PlyCount "79"]
[EventDate "2019.12.25"]
[EventType "tourn (corr)"]
[EventRounds "4"]
[EventCountry "GER"]
[SourceTitle "Corr 2022"]
[Source "ChessBase"]
[SourceDate "2021.10.24"]
[SourceVersion "1"]
[SourceVersionDate "2021.10.24"]
[SourceQuality "1"]

1. d4 Nf6 2. c4 e6 3. Nc3 Bb4 4. e3 0-0 5. Nf3 c5 6. Bd3 d5 7. 0-0 Nc6 8. a3 Bxc3 9. bxc3 b6 10. Re1 Qc7 11. Bb2 Rd8 12. cxd5 exd5 13. c4 dxc4 14. Bxc4 cxd4 15. exd4 Nxd4 16. Rc1 Ne6 17. Qc2 Qf4 18. Qb3 Qf5 19. Re5 Qg4 20. h3 Qg6 21. Rce1 Kh8 22. Nh4 Qh6 23. Nf5 Qd2 24. Nxg7 Nxg7 25. R5e3 Ng8 26. Bc3 Qd6 27. Bxf7 Bf5 28. Qb2 Qf8 29. Rg3 Bg6 30. Bxg6 Rac8 31. Rf3 Rxc3 32. Rxf8 Rxf8 33. Qxc3 hxg6 34. Qb4 Rf5 35. Rc1 Nf6 36. Qf8+ Ng8 37. Qb8 Rc5 38. Rxc5 bxc5 39. Qxa7 c4 40. Qd4 1-0

[Event "OP-2019-0-04899"]
[Site "LSS email"]
[Date "2019.12.24"]
[Round "?"]
[White "Alexandre Bisquert, Francisco"]
[Black "Farnik, Kym"]
[Result "0-1"]
[WhiteElo "2032"]
[BlackElo "1825"]
[PlyCount "105"]
[EventDate "2019.12.17"]
[EventType "tourn (corr)"]
[EventRounds "4"]
[EventCountry "GER"]
[SourceTitle "Corr 2022"]
[Source "ChessBase"]
[SourceDate "2021.10.24"]
[SourceVersion "1"]
[SourceVersionDate "2021.10.24"]
[SourceQuality "1"]

1. d4 Nf6 2. Nf3 d5 3. c4 e6 4. Nc3 c6 5. e3 Nbd7 6. Bd3 dxc4 7. Bxc4 b5 8. Bd3 Bb7 9. 0-0 a6 10. e4 c5 11. d5 Qc7 12. Qe2 c4 13. Bc2 Bd6 14. dxe6 fxe6 15. Nd4 Bxh2+ 16. Kh1 Nc5 17. f4 e5 18. Ndxb5 axb5 19. Kxh2 h5 20. Be3 Ng4+ 21. Kg1 Qe7 22. g3 0-0 23. Nxb5 Nd3 24. Bxd3 cxd3 25. Qxd3 Rfd8 26. Qc4+ Kh7 27. Bc5 Qf6 28. a4 Rd2 29. Qb4 Qc6 30. fxe5 Rd3 31. Nd6 Rxg3+ 32. Kh1 Ba6 33. Rf7 Rb8 34. Qxb8 Rh3+ 35. Kg2 Rh2+ 36. Kg3 Qxc5 37. Rxg7+ Kxg7 38. Ne8+ Kf7 39. Nd6+ Kg7 40. Ne8+ Kh6 41. Qd6+ Qxd6 42. Nxd6 Be2 43. Nf5+ Kg5 44. e6 h4+ 45. Nxh4 Rxh4 46. Re1 Bc4 47. e7 Rh8 48. Rd1 Re8 49. Rd7 Nf6 50. Rc7 Nxe4+ 51. Kf3 Nd6 52. Ke3 Rxe7+ 53. Rxe7 0-1

[Event "OP-2019-0-04892"]
[Site "LSS email"]
[Date "2019.12.16"]
[Round "?"]
[White "Kerecsenyi, Zoltan"]
[Black "Alexandre Bisquert, Francisco"]
[Result "0-1"]
[WhiteElo "1340"]
[BlackElo "2032"]
[PlyCount "48"]
[EventDate "2019.12.09"]
[EventType "tourn (corr)"]
[EventRounds "4"]
[EventCountry "GER"]
[SourceTitle "Corr 2022"]
[Source "ChessBase"]
[SourceDate "2021.10.24"]
[SourceVersion "1"]
[SourceVersionDate "2021.10.24"]
[SourceQuality "1"]

1. Nf3 d5 2. e3 c5 3. c4 d4 4. exd4 cxd4 5. b4 g6 6. Bb2 Bg7 7. d3 e5 8. g3 Qb6 9. a3 Ne7 10. Bg2 a5 11. Nbd2 axb4 12. axb4 Rxa1 13. Qxa1 Qxb4 14. 0-0 Nbc6 15. Ne4 0-0 16. Rb1 f5 17. Ba3 Qa5 18. Nd6 e4 19. dxe4 fxe4 20. Nxe4 Bf5 21. Rb5 Qa4 22. Nfd2 d3 23. Nc3 Qc2 24. Qd1 Bxc3 0-1

[Event "OP-2019-0-04892"]
[Site "LSS email"]
[Date "2019.12.14"]
[Round "?"]
[White "Alexandre Bisquert, Francisco"]
[Black "Simonov, Nikolaj"]
[Result "0-1"]
[WhiteElo "2032"]
[BlackElo "1482"]
[PlyCount "136"]
[EventDate "2019.12.09"]
[EventType "tourn (corr)"]
[EventRounds "4"]
[EventCountry "GER"]
[SourceTitle "Corr 2022"]
[Source "ChessBase"]
[SourceDate "2021.10.24"]
[SourceVersion "1"]
[SourceVersionDate "2021.10.24"]
[SourceQuality "1"]

1. d4 Nf6 2. c4 e6 3. Nc3 Bb4 4. e3 0-0 5. Bd3 d5 6. Nf3 b6 7. cxd5 exd5 8. 0-0 Bb7 9. Qc2 Re8 10. a3 Bf8 11. b4 Nbd7 12. Ng5 g6 13. Rb1 Rc8 14. f3 c6 15. Kh1 Ba8 16. Bd2 c5 17. Ba6 Rb8 18. Rfe1 Bc6 19. Be2 cxd4 20. exd4 b5 21. a4 Nb6 22. Bxb5 Bxb5 23. Nxb5 Rxe1+ 24. Bxe1 Nc4 25. Nxa7 Na3 26. Qd1 Nxb1 27. Nc6 Qc8 28. Nxb8 Na3 29. Bg3 Nh5 30. Be5 Nc4 31. b5 Nxe5 32. dxe5 Qxb8 33. e6 Qe5 34. exf7+ Kg7 35. Qd4 Qxd4 36. Ne6+ Kxf7 37. Nxd4 Nf6 38. Nb3 Nd7 39. a5 Ke6 40. Kg1 Nc5 41. Nd4+ Ke5 42. Nc6+ Kd6 43. Nb4 Nd7 44. Nd3 Bg7 45. Kf1 Bc3 46. a6 Nb6 47. Ke2 Na8 48. Nf4 Nc7 49. Kd3 Ba5 50. Nh3 Nxb5 51. Ng5 Nc7 52. a7 Bb6 53. a8Q Nxa8 54. Nxh7 Nc7 55. Nf8 g5 56. Ng6 Ke6 57. h4 gxh4 58. Nxh4 Bf2 59. Ng6 Kf5 60. Nf8 Kf4 61. Ke2 Bd4 62. g4 Kg3 63. g5 Kf4 64. g6 Kf5 65. Kd3 Bg7 66. Nd7 Ne6 67. Ke2 d4 68. Nb6 Kxg6 0-1

[Event "CP-2018-P-00014"]
[Site "LSS email"]
[Date "2018.09.27"]
[Round "?"]
[White "Alexandre Bisquert, Francisco"]
[Black "Popov, Vladimir"]
[Result "0-1"]
[WhiteElo "2053"]
[BlackElo "2248"]
[PlyCount "110"]
[EventDate "2018.10.01"]
[EventType "tourn (corr)"]
[EventRounds "6"]
[EventCountry "GER"]
[SourceTitle "Corr 2022"]
[Source "ChessBase"]
[SourceDate "2021.10.24"]
[SourceVersion "1"]
[SourceVersionDate "2021.10.24"]
[SourceQuality "1"]

1. e4 e5 2. Nf3 Nf6 3. Nxe5 d6 4. Nf3 Nxe4 5. d4 d5 6. Bd3 Nc6 7. 0-0 Be7 8. Nbd2 Nd6 9. c3 Bf5 10. Be2 a5 11. Re1 a4 12. h3 0-0 13. Nf1 a3 14. b3 Ne4 15. Qc2 Bg6 16. Bd3 Bd6 17. Rb1 f5 18. b4 Qf6 19. Ne3 Bf7 20. Rb3 Ne7 21. c4 c6 22. c5 Bc7 23. Ne5 Bxe5 24. dxe5 Qh4 25. b5 Be6 26. g3 Qxh3 27. Ng2 g5 28. Bxe4 fxe4 29. Bxg5 Ng6 30. Nf4 Qf5 31. Nxg6 Qxg6 32. Bf6 d4 33. Rb4 e3 34. Qe2 Qe4 35. bxc6 bxc6 36. fxe3 Qxe3+ 37. Qxe3 dxe3 38. Re2 Rf7 39. g4 Rd7 40. Rxe3 Rd1+ 41. Kf2 Rd2+ 42. Kg3 Rxa2 43. Rb7 Ra1 44. Rg7+ Kf8 45. Rxh7 Rg1+ 46. Kf2 Rxg4 47. Rf3 Raa4 48. Rh8+ Kf7 49. Rh7+ Kg6 50. Rg7+ Kh6 51. Rh3+ Rh4 52. Rhg3 Rhf4+ 53. Ke3 Bg4 54. Rg1 Rf3+ 55. Kd2 a2 0-1

[Event "WC-2018-P-00013"]
[Site "LSS email"]
[Date "2018.01.22"]
[Round "?"]
[White "Alexandre Bisquert, Francisco"]
[Black "Stringa, Alejandro"]
[Result "1-0"]
[WhiteElo "2051"]
[BlackElo "1572"]
[PlyCount "99"]
[EventDate "2018.02.01"]
[EventType "tourn (corr)"]
[EventRounds "12"]
[EventCountry "GER"]
[SourceTitle "Corr 2022"]
[Source "ChessBase"]
[SourceDate "2021.10.24"]
[SourceVersion "1"]
[SourceVersionDate "2021.10.24"]
[SourceQuality "1"]

1. e4 e5 2. Nf3 Nc6 3. Bc4 Bc5 4. c3 Nf6 5. d3 0-0 6. 0-0 d6 7. a4 a6 8. Bg5 h6 9. Bh4 g5 10. Bg3 Ba7 11. Na3 Ne7 12. Re1 Ng6 13. h3 g4 14. hxg4 Bxg4 15. Nc2 Nh5 16. Ne3 Bxe3 17. Rxe3 Nxg3 18. fxg3 Qd7 19. Qd2 Be6 20. Rf1 b5 21. Bxe6 fxe6 22. d4 Qg7 23. Qd3 Rab8 24. Re2 exd4 25. cxd4 Ne7 26. axb5 axb5 27. Kh2 c6 28. Ref2 Rbd8 29. Qc3 Kh8 30. Kg1 Kg8 31. Qb3 Qg6 32. Qe3 Qg7 33. g4 Ng6 34. g3 Nh8 35. e5 d5 36. Kg2 Rc8 37. Ng1 Rxf2+ 38. Rxf2 Rf8 39. Rxf8+ Qxf8 40. Qc3 Qe8 41. Nh3 Qg6 42. Nf2 Qe8 43. Qc1 Kg7 44. g5 Nf7 45. gxh6+ Nxh6 46. Qg5+ Qg6 47. Qxg6+ Kxg6 48. g4 Nf7 49. Nd3 Kg5 50. Kg3 1-0

[Event "WC-2018-P-00013"]
[Site "LSS email"]
[Date "2018.01.22"]
[Round "?"]
[White "Alexandre Bisquert, Francisco"]
[Black "Zielinski, Sergej"]
[Result "1/2-1/2"]
[WhiteElo "2051"]
[BlackElo "2284"]
[PlyCount "63"]
[EventDate "2018.02.01"]
[EventType "tourn (corr)"]
[EventRounds "12"]
[EventCountry "GER"]
[SourceTitle "Corr 2022"]
[Source "ChessBase"]
[SourceDate "2021.10.24"]
[SourceVersion "1"]
[SourceVersionDate "2021.10.24"]
[SourceQuality "1"]

1. e4 e5 2. Nf3 Nc6 3. Bc4 Bc5 4. c3 Nf6 5. d3 d6 6. 0-0 0-0 7. h3 h6 8. Re1 a5 9. Nbd2 Be6 10. Bb5 Qb8 11. Nf1 Qa7 12. Be3 Bxe3 13. Nxe3 a4 14. d4 Ne7 15. dxe5 dxe5 16. Bc4 Bxc4 17. Nxc4 Ng6 18. Ncxe5 Nxe5 19. Nxe5 Rfe8 20. Qd4 a3 21. b3 c5 22. Qd6 Re6 23. Qc7 b6 24. Qxa7 Rxa7 25. f4 g5 26. Ng4 Nxg4 27. f5 Re5 28. hxg4 Rae7 29. Kf2 Rxe4 30. Rxe4 Rxe4 31. Kf3 Rf4+ 32. Kg3 1/2-1/2

[Event "SB-2018-0-00520"]
[Site "LSS email"]
[Date "2018.01.11"]
[Round "?"]
[White "Blair, Matthew"]
[Black "Alexandre Bisquert, Francisco"]
[Result "1/2-1/2"]
[WhiteElo "1881"]
[BlackElo "2066"]
[PlyCount "82"]
[EventDate "2017.11.03"]
[EventType "tourn (corr)"]
[EventRounds "6"]
[EventCountry "GER"]
[SourceTitle "Corr 2022"]
[Source "ChessBase"]
[SourceDate "2021.10.24"]
[SourceVersion "1"]
[SourceVersionDate "2021.10.24"]
[SourceQuality "1"]

1. Nf3 Nf6 2. c4 e6 3. d4 d5 4. Nc3 Bb4 5. cxd5 exd5 6. Bg5 h6 7. Bh4 0-0 8. e3 Bf5 9. Qb3 Bxc3+ 10. bxc3 Nbd7 11. Be2 c5 12. dxc5 Nxc5 13. Qb4 Rc8 14. 0-0 Re8 15. Rfd1 g5 16. Bg3 a5 17. Qa3 Nce4 18. c4 Qb6 19. Nd4 Bg6 20. Rdb1 Qc5 21. Qxc5 Rxc5 22. Rxb7 Nxg3 23. hxg3 dxc4 24. Rc1 c3 25. Rb5 Rc7 26. Rxa5 c2 27. g4 Rd8 28. Bf3 Rb8 29. Rb5 Rxb5 30. Nxb5 Rc4 31. Nd4 Rb4 32. Nxc2 Rc4 33. Bd1 Nd5 34. a3 Bd3 35. Kh2 Kg7 36. Kh3 Kg6 37. g3 Be4 38. Kh2 Bd3 39. Kg2 Kf6 40. Kg1 Kg6 41. Kh2 Rc5 1/2-1/2